Movies Quiz

Random Movies or Director Quiz
Score 0/70 Timer 10:00
6 Plays Today
Year Director % Correct
2010James Cameron
90.7%
2004Peter Jackson
89.8%
2003Peter Jackson
89.8%
2002Peter Jackson
89.8%
2007Clint Eastwood
89.7%
2005Clint Eastwood
89.7%
2004Clint Eastwood
89.7%
2007Martin Scorsese
89.1%
2005Martin Scorsese
89.1%
2003Martin Scorsese
89.1%
2011Joel and Ethan Coen
85.1%
2010Joel and Ethan Coen
85.1%
2008Joel and Ethan Coen
85.1%
2006Steven Spielberg
83.6%
2010Quentin Tarantino
83.3%
2006Ang Lee
82.2%
2001Ang Lee
82.2%
2011Christopher Nolan
78.8%
2011Danny Boyle
75.7%
2009Danny Boyle
75.7%
2010Kathryn Bigelow
73.3%
2004Sophia Coppola
71.9%
2001Ridley Scott
70.5%
2011David Fincher
70.5%
2009David Fincher
70.5%
2009Ron Howard
69.9%
2002Ron Howard
69.9%
2006George Clooney
68.7%
2011Darren Aronofsky
61.8%
2008Paul Thomas Anderson
59.4%
2000Sam Mendes
59.2%
2003Roman Polanski
57.6%
2001Steven Soderbergh
55.6%
2001Steven Soderbergh
55.6%
2000M. Night Shyamalan
55.3%
Year Director % Correct
2010Jason Reitman
49.1%
2008Jason Reitman
49.1%
2011Tom Hooper
46.5%
2011David O. Russell
43.2%
2002Baz Luhrmann
42.8%
2009Gus Van Sant
40.6%
2002Robert Altman
37.8%
2000Frank Darabont
37.6%
2006Paul Haggis
36.8%
2003Rob Marshall
33.7%
2005Alexander Payne
33.4%
2004Peter Weir
32.9%
2000Michael Mann
31%
2007Alejandro Gonzalez Inarritu
29.9%
2010Lee Daniels
26%
2009Stephen Daldry
23.1%
2003Stephen Daldry
23.1%
2010Neill Blomkamp
23%
2007Stephen Frears
22.7%
2006Bennett Miller
21.4%
2008Joe Wright
21.3%
2005Taylor Hackford
19.5%
2001Lasse Hallstrom
19.4%
2000Lasse Hallstrom
19.4%
2010Pete Docter, Bob Peterson
16.8%
2008Tony Gilroy
16.3%
2011Lee Unkrich
14.4%
2011Lisa Cholodenko
14%
2005Marc Forster
13.2%
2002Todd Field
10.9%
2007Jonathan Dayton, Valerie Faris
10.6%
2004Gary Ross
10.4%
2011Debra Granik
10%
2010John Lee Hancock
9.5%
2010Lone Scherfig
8.1%
Remove Ads.
Support Sporcle.
Get the best of Sporcle when you Go Orange. This ad-free experience offers more features, more stats, and more fun while also helping to support Sporcle. Thank you for becoming a member.

You're not logged in!

Compare scores with friends on all Sporcle quizzes.
OR
Log In

Show Comments

Extras

Top Quizzes Today


Score Distribution

Your Account Isn't Verified!

In order to create a playlist on Sporcle, you need to verify the email address you used during registration. Go to your Sporcle Settings to finish the process.

Report this User

Report this user for behavior that violates our Community Guidelines.

Details: